Truyện kỳ ảo thế giới; T5
Gorde:
| Egile nagusia: | |
|---|---|
| Formatua: | Liburua |
| Hizkuntza: | Undetermined |
| Argitaratua: |
Hà Nội
Văn Học
2001
|
| Gaiak: | |
| Etiketak: |
Etiketa erantsi
Etiketarik gabe, Izan zaitez lehena erregistro honi etiketa jartzen!
|
| Thư viện lưu trữ: | Trung tâm Học liệu Trường Đại học Cần Thơ |
|---|
| LEADER | 00527nam a2200193Ia 4500 | ||
|---|---|---|---|
| 001 | CTU_43686 | ||
| 008 | 210402s9999 xx 000 0 und d | ||
| 020 | |b 40.000đ | ||
| 082 | |a 808.83872 | ||
| 082 | |b Tr527/T5 | ||
| 100 | |a Lê Trọng | ||
| 245 | 0 | |a Truyện kỳ ảo thế giới; T5 | |
| 245 | 0 | |c Lê Trọng | |
| 260 | |a Hà Nội | ||
| 260 | |b Văn Học | ||
| 260 | |c 2001 | ||
| 650 | |a short stories - collections | ||
| 904 | |i Minh, 011003 | ||
| 980 | |a Trung tâm Học liệu Trường Đại học Cần Thơ | ||